000 00268nam a22001217a 4500
999 _c12880
_d12880
020 _a9789694481760
082 _a338.009
100 _aFasih uddin
245 _aPakistan's Economic Journey
260 _aPakistan
_bIPS Press
_c2018
300 _a272 pages
942 _cBK